| 000 | 00782nam a22002297a 4500 | ||
|---|---|---|---|
| 005 | 20251108164747.0 | ||
| 008 | 250721s1988 xx 000 0 ara d | ||
| 082 | 1 | 4 | _a809/عبد |
| 100 | 1 | _aحامد، عبد الحق | |
| 245 | 1 | 0 |
_aالضريح : _bالملحمة الشعرية الكبرى / |
| 264 | 1 |
_aالاسكندرية : _bالهيئة المصرية العامة للكتاب، _c1988. |
|
| 300 | _a54ص | ||
| 490 | 0 | _aمن روائع الأدب العالمي المقارن | |
| 650 | 1 | 7 | _aالأدب المقارن |
| 650 | 1 | 7 | _aالشعر الملحمي |
| 650 | 1 | 7 | _aالتاريخ الأدبي |
| 650 | 1 | 7 | _aالنقد الأدبي |
| 650 | 1 | 7 | _aالملاحم |
| 700 | 1 |
_aصبري، إبراهيم _eترجمة |
|
| 942 |
_2ddc _cBK |
||
| 999 |
_c13685 _d13685 |
||